| 000 | 00376nam a2200133Ia 4500 | ||
|---|---|---|---|
| 008 | 220217s9999 xx 000 0 und d | ||
| 100 | _aNajma, N. | ||
| 245 | 0 | _aQuality upgradation of field coagulam using bactericides | |
| 260 |
_bCalicut University _a Calicut _c2002 |
||
| 500 | _aAvailable in RT | ||
| 500 | _aCourse: M.Sc. | ||
| 700 | _aMs Leelamma Varghese | ||
| 942 | _cTS | ||
| 999 |
_c74523 _d74523 |
||